I Knew You Were Trouble. lyrics - Statistics

General Stats
  • This quiz has been taken 896 times
  • The average score is 321 of 379
Answer Stats
Lyrics % Correct
I
99%
you
99%
You
99%
in
98%
knew
98%
on
98%
trouble
98%
trouble,
98%
Trouble,
98%
were
98%
when
98%
a
96%
A
96%
me
96%
me,
96%
walked
96%
never
93%
be
92%
shame
92%
the
92%
No
91%
Oh,
91%
to
91%
been
89%
now
88%
Now
88%
oh
88%
oh,
88%
Oh,
88%
places
88%
and
86%
And
86%
your
84%
ground
83%
hard,
83%
hard
83%
I'm
83%
So
83%
cold,
81%
was
81%
found
80%
he
80%
He
80%
lying
80%
Once
80%
time,
80%
is
79%
upon
79%
mistakes
78%
that
78%
That
78%
ago
77%
few
77%
down,
75%
realize
72%
realize,
72%
took
72%
got
70%
yeah
70%
alone
69%
blame
69%
'Cause
69%
gone
69%
I'd
69%
long
69%
put
69%
see
66%
see,
66%
you're
64%
he's
63%
guess
62%
joke
62%
back
61%
cry
61%
know
61%
next
61%
didn't
60%
her,
60%
loved
60%
or
60%
care,
59%
liked
59%
step
59%
without
59%
anyone,
58%
Flew
58%
why
58%
anything,
57%
fell
56%
drowning,
54%
drowning
54%
reason
53%
sights,
53%
I'll
52%
'til
51%
all
50%
doesn't
48%
met
48%
ever
47%
apologies,
46%
comes
46%
creeping
46%
moved
44%
saddest
44%
fear
43%
heard
43%
street
42%
Pretends
41%
from
40%
whispers
40%
he'll
38%
new
36%
belt
34%
notch
29%
No matching quizzes found
Score Distribution
Percent of People with Each Score
Percentile by Number Answered
Your Score History
You have not taken this quiz